01201nam a2200241Ia 4500001000600000003000900006008004100015040001300056040001300069041001300082100001800095100002900113245008600142245004700228250001100275260001400286260001200300260004900312300005900361500048300420650002500903650003100928G5188IT-RoPAU130308s9999 xx 000 0 und d aIT-RoPAU cIT-RoPAU aITALIANO aBonfil Robert gCodice Aut. SPICS: 54996 aLettura nelle comunità ebraiche dell'Europa occidentale in età medievale (La) bStoria della Lettura nel Mondo Occidentale a2a ed. aROMA/BARI bLaterza c1999 [1° Ed.:1995 - Ed.Ling.Originale:1995] a"43 p. (prefazione: no ; testo: 43 [pagine: 155-197])" aLibro e Lettura Nello Spazio Sacro o Cittadino. Crisi dell'Autorità e Politica Repressiva. Lettura e Societa': Verso Il Libro Aperto. Studio Come rituale Religioso. Sinagoga Come Biblioteca Pubblica. Lingua sacra e Lingue Volgari. Lettura Come rituale Religioso: Persistenze Medievali. Lettura Individuale: Organizzazione Dello Spazio Grafico. Iconografia della Lettura. spazi della Lettura. Oralità e Scrittura: Esigenza della Mediazione. Sdoppiamento dei campi di Lettura. aSAGGI DI LINGUISTICA eCodice materia Spics: 3207